| 000 | 01331cam a2200325 i 4500 | ||
|---|---|---|---|
| 999 |
_c9864 _d9864 |
||
| 001 | vtls004053740 | ||
| 003 | NUKAT | ||
| 005 | 20180614104731.0 | ||
| 008 | 170627s1968 pl a |000 0 pol c | ||
| 035 | _axx004053740 | ||
| 039 | 9 |
_a201707200135 _bVLOAD _c201707190926 _dagh _c201707140852 _dagh01 _c201707040114 _dVLOAD |
|
| 040 |
_aTOR U/FIZER _cTOR U/FIZER _dTOR U/FIZER _dKR 93/MSs |
||
| 041 | 1 |
_apol _hfre |
|
| 099 | _ahh_748599 | ||
| 100 | 1 |
_aŒhmichen, Jean Pierre _d(1922-2016). |
|
| 245 | 1 | 0 |
_aElektronika... ależ to nic prostszego! / _cJ. P. Œhmichen ; rys. marginesowe wykonała Christine Œhmichen ; [tł. z fr. M. Rajewski]. |
| 246 | 1 |
_iTyt. oryg.: _aL'électronique?... rien de plus simple! |
|
| 260 |
_aWarszawa : _bWydawnictwa Naukowo-Techniczne, _c1968. |
||
| 300 |
_a205 s. : _bil. ; _c24 cm. |
||
| 650 |
_aElektronika _vwydawnictwa popularne. |
||
| 700 | 1 |
_aŒhmichen, Christine. _eIl. |
|
| 700 | 1 |
_aRajewski, Mirosław. _eTł. |
|
| 710 | 2 |
_aWydawnictwa Naukowo-Techniczne. _4pbl _919 |
|
| 942 |
_2ddc _cBK |
||